| 000 | 01785cam a2200337 i 4500 | ||
|---|---|---|---|
| 003 | SA-RiAUC | ||
| 005 | 20250113085621.0 | ||
| 008 | 250112s2004 le g 000r0 ara c | ||
| 020 | _a2745144391 | ||
| 040 |
_aSA-BaBAHAU _bara _cSA-RiAUC _erda |
||
| 082 | 0 | 4 | _a251 |
| 090 |
_a251 _b ا ب ن س |
||
| 100 | 1 |
_aابن الساعاتي، أحمد بن على بن تغلب، _dتوفي 694 هجري _eمؤلف. |
|
| 245 | 1 | 0 |
_aنهاية الوصول إلى علم الأصول، المعروف، ببديع النظام الجامع بين كتاب البزدوي والأحكام / _cجمع وتأليف أحمد بن علي بن تغلب بن أبي الضياء الحنفي المعروف بابن الساعاتي ؛ قدم له حسن إسبر ؛ علق عليه ووضع حواشيه إبراهيم شمس الدين. |
| 246 | 3 | 3 | _aبديع النظام الجامع بين كتاب البزدوي والإحكام |
| 250 | _aالطبعة الأولى. | ||
| 264 | 1 |
_aبيروت : _bدار الكتب العلمية، _c2004 |
|
| 300 |
_a294 صفحة ؛ _c24 سم |
||
| 336 |
_aنص _btxt _2rdacontent _3كتاب |
||
| 337 |
_aبدون وسيط _bn _2rdamedia |
||
| 338 |
_aمجلد _bnc _2rdacarrier |
||
| 650 | 7 |
_aأصول الفقه الإسلامي _2aucsh |
|
| 700 | 1 |
_aأسبر، حسن أحمد _eمحقق. |
|
| 700 | 1 |
_aشمس الدين، إبراهيم _eمعلق. |
|
| 700 | 1 | 2 |
_aالبزدوي، علي بن محمد بن الحسين، _d400-482 هجري |
| 700 | 1 | 2 |
_aسيف الدين الآمدي، علي بن محمد بن سالم، _d551-631 هجري |
| 740 | 0 | 2 | _aكنز الوصول إلى علم الأصول. |
| 740 | 2 | 2 | _aالإحكام في أصول الأحكام. |
| 942 |
_2ddc _cBOOK _n0 |
||
| 949 |
_aSA-JeALM _d250112 _umohamedma123 _n1 |
||
| 999 |
_c4692 _d4692 |
||